Normal view MARC view

Entry Personal Name

Number of records used in: 1

001 - CONTROL NUMBER

  • control field: 99287

003 - CONTROL NUMBER IDENTIFIER

  • control field: OSt

005 - DATE AND TIME OF LATEST TRANSACTION

  • control field: 20230506112846.0

008 - FIXED-LENGTH DATA ELEMENTS

  • fixed length control field: 230506|| aca||aabn | a|a d

040 ## - CATALOGING SOURCE

  • Original cataloging agency: OSt
  • Transcribing agency: OSt

100 ## - HEADING--PERSONAL NAME

  • Personal name: PINTO (Stivan); PINTO (STEPHEN);KUNTALPADY

670 ## - SOURCE DATA FOUND

  • Source citation: Work cat.: (OSt)211721: PINTO (Stivan); PINTO (STEPHEN);KUNTALPADY, Kombo ani zaj: motvyon kaniyo, 2020